Quizzes
Events
Quiz Creation
Community
Videos
Private Events
Remove Ads
Sign In
Join for FREE
Feedback
Dark Mode
Quiz Categories
Sports
Geography
Music
Movies
Television
Just For Fun
Miscellaneous
History
Literature
Language
Science
Gaming
Entertainment
Religion
Holiday
For Kids
Quiz Lab
Recent
Popular Today
Quiz Kudos Today
Editor Picks
Curator Picks
Quizzes by...
Day
Popularity
Type
Ratings
Length
Year
Community
Subscriptions
Recent Discussions
Orange Saloon
Badges
Playlists
Quests
Create
Leaderboards
Showdown
Live 5
Trivia Bingo
Activity
Puzzle Library
Sporcle Events
Private Events
Virtual Trivia
Globe League
Become a Host
Pub Owners
SporcleCon
Opinionation
Our Games
Videos
Blog
Mobile Apps
Partnerships
Remove Ads and Go Orange
Feedback
Music
Pop Music
The Beatles
Song
Album
Lyrics
Bands
Singers
Artist
Clip
Rock
Rap
Classical
Billboard
Country Music
Kpop
Taylor Swift
Music
Pop Music
The Beatles
Song
Album
Lyrics
Bands
Singers
Artist
Clip
Rock
Rap
Classical
Billboard
Country Music
Kpop
Taylor Swift
Random Quiz
Search Sporcle
×
Quiz Lab
Quiz Lab
Music
Lyrics
Type in answers that appear in a list
Type in answers that appear in a list
Classic
Best Score? Go Orange.
'Eres la persona correcta (...)' Lyrics by Río Roma Stats
Can you name the lyrics from this song by Río Roma?
By
lolmusiclol
10m
257 Questions
11 Plays
11 Plays
11 Plays
Comments
Comments
Give Quiz Kudos
Give Quiz Kudos
-
- Ratings
hide this ad
Replay
Link that replays current quiz
Next Quiz
Link to next quiz in quiz playlist
You Got
0%
They Got
Avg Score
79%
Avg Friend Score
Upgrade to see
Score Distribution
Jump to the score distribution portion of the page
Score
0/257
Timer
10:00
0
Plays Today
% Correct
la
100%
la
100%
la
100%
la
100%
la
100%
la
100%
la
100%
la
100%
Yo
90.9%
no
90.9%
tengo
90.9%
culpa
90.9%
de
90.9%
al
90.9%
de
90.9%
que
90.9%
el
90.9%
no
90.9%
en
90.9%
el
90.9%
lugar,
90.9%
de
90.9%
que
90.9%
que
90.9%
te
90.9%
Ni
90.9%
tú
90.9%
tienes
90.9%
culpa
90.9%
de
90.9%
que
90.9%
yo
90.9%
no
90.9%
sepa
90.9%
el
90.9%
tiempo
90.9%
y
90.9%
no
90.9%
ni
90.9%
el
90.9%
pasado
90.9%
ni
90.9%
los
90.9%
que
90.9%
Eres
90.9%
persona
90.9%
correcta
90.9%
en
90.9%
momento
90.9%
el
90.9%
equivocado,
90.9%
también
90.9%
eres
90.9%
lo
90.9%
más
90.9%
que
90.9%
ha
90.9%
pasado-o-o.
90.9%
no
90.9%
más
90.9%
el
90.9%
tiempo.
90.9%
sientes
90.9%
también
90.9%
lo
90.9%
que
90.9%
siento.
90.9%
el
90.9%
es
90.9%
de
90.9%
es
90.9%
momento.
90.9%
pasa
90.9%
que
90.9%
en
90.9%
O
90.9%
o
90.9%
al
90.9%
Si
90.9%
no
90.9%
te
90.9%
a
90.9%
que
90.9%
lo
90.9%
que
90.9%
yo.
90.9%
% Correct
que
90.9%
en
90.9%
ti
90.9%
los
90.9%
y
90.9%
no
90.9%
más
90.9%
el
90.9%
tiempo.
90.9%
también
90.9%
sientes
90.9%
que
90.9%
lo
90.9%
siento.
90.9%
el
90.9%
es
90.9%
de
90.9%
es
90.9%
momento.
90.9%
pasa
90.9%
que
90.9%
en
90.9%
Eres
90.9%
persona
90.9%
en
90.9%
correcta
90.9%
el
90.9%
momento
90.9%
equivocado...
90.9%
eres
90.9%
también
90.9%
lo
90.9%
más
90.9%
que
90.9%
ha
90.9%
pasado.
90.9%
el
90.9%
es
90.9%
de
90.9%
es
90.9%
momento.
90.9%
pasa
90.9%
que
90.9%
en
90.9%
O
90.9%
o
90.9%
al
90.9%
tarde
81.8%
pasar,
81.8%
mismo
81.8%
ya
81.8%
pero
81.8%
bonito
81.8%
me
81.8%
Vivámoslo,
81.8%
Acéptalo,
81.8%
Vivámoslo,
81.8%
estás
81.8%
está
81.8%
estás
81.8%
Vivámoslo,
81.8%
Acéptalo,
81.8%
Vivámoslo,
81.8%
pero
81.8%
bonito
81.8%
me
81.8%
Vivámoslo...
81.8%
Acéptalo...
81.8%
Vivámoslo,
81.8%
Vivámoslo...
81.8%
Vivámoslo...
81.8%
nos
72.7%
regresar
72.7%
besos
72.7%
has
72.7%
dado.
72.7%
perdamos
72.7%
Escúchame,
72.7%
mundo,
72.7%
esto
72.7%
do-o-o-os.
72.7%
vida
72.7%
un
72.7%
pocas
72.7%
veces
72.7%
esto.
72.7%
% Correct
vida
72.7%
un
72.7%
nos
72.7%
decisión.
72.7%
ojos,
72.7%
aquí
72.7%
aquí
72.7%
esto-o-oy.
72.7%
perdamos
72.7%
Escúchame,
72.7%
mundo,
72.7%
esto
72.7%
do-o-o-os.
72.7%
vida
72.7%
un
72.7%
pocas
72.7%
veces
72.7%
esto.
72.7%
vida
72.7%
un
72.7%
Escúchame,
72.7%
esto
72.7%
mundo,
72.7%
do-o-o-os.
72.7%
vida
72.7%
un
72.7%
pocas
72.7%
veces
72.7%
esto.
72.7%
vida
72.7%
un
72.7%
nos
72.7%
alguien
63.6%
hubo
63.6%
soñar.
63.6%
olvida
63.6%
sólo
63.6%
sólo
63.6%
amor.
63.6%
Ahora
63.6%
abre
63.6%
olvida
63.6%
sólo
63.6%
sólo
63.6%
amor.
63.6%
olvida
63.6%
sólo
63.6%
sólo
63.6%
amo-or.
63.6%
visto
54.5%
hiciera
54.5%
borrar
54.5%
Atrévete,
54.5%
hay
54.5%
le
54.5%
hacemos
54.5%
caso
54.5%
corazón.
54.5%
segura,
54.5%
hagas
54.5%
Atrévete,
54.5%
hay
54.5%
Atrévete,
54.5%
hay
54.5%
le
54.5%
hacemos
54.5%
caso
54.5%
corazón.
54.5%
acomodar,
45.5%
cobardes
45.5%
aún
45.5%
invito
45.5%
Imagina
45.5%
cobardes
45.5%
haberte
36.4%
viento
36.4%
puso
36.4%
pueda
36.4%
las
36.4%
cosas
36.4%
Acuérdate
36.4%
ponemos
36.4%
Acuérdate
36.4%
Acuérdate
36.4%
ponemos
36.4%
Quiz Playlist
Details
Report
Send in Message
Add To Playlist
Classic:
Type in answers that appear in a list
Last Updated: Jul 30, 2017
Quiz Scoreboard
CHALLENGE
Sign Up to Join the Scoreboard
Show All
Scores
Hide
Comments
May contain spoilers
Recently Published
College Basketball Coaching Resumes
by pancakes188
Sports
9m
Billboard Blitz: Fleetwood Mac
by CooCooCachoo
Music
15s
Presidents Visiting Landmarks
by Hejman
History
7m
More to Explore
Quiz From the Vault
Featured Blog Post
Where Did the Easter Bunny Come From?
hide this ad
You Might Also Like...
Tags
Lyrics Quiz
Pop Music Quiz
Spanish Quiz
2010s
2016
Español
Latin America
Today's Top Quizzes in Music
Browse Music
hide this ad
Today's Top Quizzes in Lyrics
Browse Lyrics
Top Contributed Quizzes in Music
1
Taylor Swift All Songs (2024)
2
Guess the Artist- 70s Songs
3
7-to-1: Billboard Hot 100 #1 Hits of 2010s
4
Sorting Albums and Songs
5
Taylor Swift Logic Puzzle
6
KPOP LOGIC QUIZ
7
One Thing in Common: Music
8
Guess the Taylor Swift song (Mystery Song)
9
2010s Album by Cover III
10
Guess The Taylor Swift Lyrics Song #1
Explore More
Trending Topics
NBA
Kpop
Marvel
Crossword
Disney
Harry Potter
Anime
Soccer
WWE
NFL
Puzzle
Pokémon
Song
Country
The Office
hide this ad
More By:
lolmusiclol
Quiz
Plays
Rating
Category
Featured
Created
'Irreplaceable' Lyrics
21,762
4.50
Music
Jul 29, 2015
'Black magic' Lyrics by Little Mix
7,186
4.93
Music
Jul 5, 2015
'One last time' Lyrics by Ariana Grande
6,799
4.91
Music
Jul 5, 2015
'Treat you better' Lyrics by Shawn Mendes
6,130
4.67
Music
Aug 4, 2016
'Thinking out loud' Lyrics by Ed Sheeran
6,009
4.57
Music
Jan 1, 2015
Go to Creator's Profile
Score Distribution
Quiz Creator Spotlight
lolmusiclol
Follow
Send a Message
Quizzes Created
-
Created Quiz Play Count
-
More By This Creator
Popular Quizzes Today
1
Find the US States - No Outlines Minefield
2
Find the Countries of Europe - No Outlines Minefield
3
The Countries of the World
4
Find the US States
5
Risky Map Clicking: Biggest States A-Z
6
US States
7
Popular People in 1961
8
Movies - When Are They Set?
More Music Quizzes
Most Popular Male Kpop Idols 2019
Quiz Lab
Trending Quizzes
Risky Map Clicking: Least Populous States A-Z
1-10 Letter G Words
1-10 Letter F Words
Risky Map Clicking: Next State Alphabetically
Risky Map Clicking: Biggest States A-Z
Recently Updated
Leaping Animals
pecheneg
Reality TV Shows (A-Z)
bhenderson79
Rickey Henderson's Hall of Fame Teammates
pecheneg
Champions League XIs: Arsenal
pecheneg
Quick Pick: Celebrities in WWE's Hall of Fame
aduchscher
A-Z Keypad Blitz II
pecheneg
Multiple Oscar Actors
pecheneg
Mystery Phrase Blitz: Oscar 'Best Actors'
pecheneg
F. Scott Fitzgerald Novels
LTH
Pick 3 Villains
ddd62291
Trending Topics
Harry Potter
NBA
Kpop
Marvel
Crossword
Disney
Anime
Pokémon
Country
WWE
Puzzle
NFL
Song
Soccer
The Office
Your Account Isn't Verified!
In order to create a playlist on Sporcle, you need to verify the email address you used during registration. Go to your
Sporcle Settings
to finish the process.
Report this User
Report this user for behavior that violates our
Community Guidelines
.
Details:
Send Report
Go to the Sporcle.com Mobile Site →
Comments